Estadísticas para Las 7 maravillas del mundo antiguo

Haz click aquí para intentar la prueba.

Estadísticas generales

  • Esta prueba ha sido intentada 4.069 veces
  • La puntuación promedio es 4 de 7

Estadísticas de respuestas

Maravilla% Correcto
Gran {Pirámide} de Giza
98%
Estatua de {Zeus} en Olimpia
71%
{Jardines} {Colgantes} de Babilonia
69%
{Coloso} de Rodas
67%
{Faro} de Alejandría
67%
Templo de {Artemisa} en Éfeso
38%
{Mausoleo} de Halicarnaso
35%

Distribución de puntuación

Porcentaje por número respondido

Porcentaje de gente con cada puntuación

Historial de tus puntuaciones

No has intentado esta prueba.